As 100 melhores cidades do mundo para viver, trabalhar e investir - Statistics

Estatísticas Gerais
  • Esse quiz foi jogado 193 vezes
    190 desde o último reset
  • A pontuação média é 54 de 100
Estatísticas das Respostas
# CIDADES PAÍSES % Correto
1 Londres Reino Unido
99%
8 Madri Espanha
99%
2 Paris França
99%
6 Barcelona Espanha
96%
7 Roma Itália
96%
33 São Paulo Brasil
95%
4 Tóquio Japão
95%
3 Nova York Estados Unidos
93%
10 Amsterdã Holanda
91%
15 Berlim Alemanha
90%
54 Rio de Janeiro Brasil
89%
37 Lisboa Portugal
87%
5 Dubai Emirados Árabes Unidos
86%
12 Los Angeles Estados Unidos
84%
26 Seul Coréia do Sul
84%
11 Praga República Tcheca
83%
44 Buenos Aires Argentina
81%
19 Dublin Irlanda
81%
22 Milão Itália
80%
31 Viena Áustria
80%
17 Washington Estados Unidos
79%
53 Atenas Grécia
78%
58 Bruxelas Bélgica
77%
71 Cidade do México México
77%
24 Toronto Canadá
77%
52 Miami Estados Unidos
76%
23 Budapeste Hungria
75%
60 Oslo Noruega
75%
96 Ottawa Canadá
75%
38 Varsóvia Polônia
75%
13 Chicago Estados Unidos
74%
16 Hong Kong Hong Kong
74%
9 Singapura Singapura
74%
25 Sydney Austrália
74%
20 Istambul Turquia
73%
70 Santiago Chile
72%
51 Estocolmo Suécia
70%
84 Jerusalém Israel
70%
46 Copenhague Dinamarca
69%
27 Doha Catar
68%
41 Munique Alemanha
67%
14 São Francisco Estados Unidos
66%
73 Shangai China
62%
30 Bangkok Tailândia
61%
36 Boston Estados Unidos
61%
48 Helsinki Finlândia
60%
80 Manchester Reino Unido
59%
47 Dallas Estados Unidos
58%
28 Abu Dhabi Emirados Árabes Unidos
57%
42 Houston Estados Unidos
57%
89 Jacarta Indonésia
57%
69 Vancouver Canadá
57%
40 Orlando Estados Unidos
56%
21 Las Vegas Estados Unidos
55%
29 Osaka Japão
54%
35 Zurique Suíça
54%
49 Frankfurt Alemanha
53%
86 Minsk Bielorrússia
52%
59 Tel Aviv Israel
51%
34 Melbourne Austrália
50%
77 Liverpool Reino Unido
48%
57 Montreal Canadá
48%
83 Riad Arábia Saudita
47%
55 Hamburgo Alemanha
46%
32 San Diego Estados Unidos
45%
75 Lyon França
44%
62 Valência Espanha
44%
64 Philadelphia Estados Unidos
43%
45 Nápoles Itália
41%
39 Seattle Estados Unidos
41%
50 Atlanta Estados Unidos
39%
97 Hanoi Vietnã
38%
72 Mumbai Índia
37%
100 Marselha França
35%
61 Taipei Taiwan
33%
56 Denver Estados Unidos
30%
68 Auckland Nova Zelândia
29%
43 Austin Estados Unidos
28%
18 Beijing China
28%
82 Sevilha Espanha
28%
88 Phoenix Estados Unidos
27%
66 Portland Estados Unidos
22%
99 Colônia Alemanha
20%
95 Stuttgart Alemanha
19%
76 Bilbao Espanha
17%
79 Brisbane Austrália
17%
93 Nagoya Japão
16%
92 Glasgow Reino Unido
15%
78 Nova Orleans Estados Unidos
15%
91 Perth Austrália
15%
74 San José Estados Unidos
12%
67 Nashville Estados Unidos
11%
63 Minneapolis Estados Unidos
10%
90 Gotemburgo Suécia
9%
94 Baltimore Estados Unidos
8%
65 Calgary Canadá
8%
87 Salt Lake City Estados Unidos
7%
81 Fukuoka Japão
4%
98 Sendai Japão
3%
85 Nanjing China
0%
Nenhum quiz correspondente encontrado
Distribuição das Pontuações
Porcentagem de Pessoas com Cada Pontuação
Percentil de Números Respondidos
Sua Pontuação Histórica
Você não jogou esse quiz desde o último reset